000 00618nam a2200205Ii 4500
003 JO-AjNU
008 230606s9999||||xx |||||||||||||| ||und||
020 _a978-1-119-85064-9
040 _aJO-AjNU
_beng
_erda
_cJO-AjNU
041 _aeng
050 1 4 _aQA76.9 2022
100 3 _aposton,howard E,
_eauthor
_96719
245 0 0 _aPython for Cybersecurity Using Python for Cyber Offense and Defense
264 3 1 _aNew jersy:john wiley,2022
300 _a215P
336 _atext
_btxt
_2rdacontent
337 _aunmediated
_bn
_2rdamedia
338 _avolume
_bnc
_2rdacarrier
650 4 _apython for Cybersecurity
_96720
999 _aE3490
_c3483
_d3483